00390nam a2200097Ia 45000010005000000080041000050820020000461000061000662450120001272600045002473101241024s9999 xx 000 0 und d aRD/303.33/B213j aBanco Mundial / Banco Interamericano de Desarrollo (BID) 0aJornada de diálogo de política entre el gobierno dominicano y los Bancos Mundial e Interamericano de Desarrollo bJuan Dolio, República Dominicanac2013